| 000 | 00683nam a22002177a 4500 | ||
|---|---|---|---|
| 999 |
_c12256 _d12256 |
||
| 003 | AR-CdUCM | ||
| 008 | 190408b ||||| |||| 00| 0 spa d | ||
| 040 |
_aMUNICIPALIDAD PROVINCIAL DEL CUSCO _cBIBLIOTECA MUNICIPAL DEL CUSCO |
||
| 041 | _hfr | ||
| 082 |
_aES / 440 / _bC27 |
||
| 100 |
_aCapelle, Guy _930020 |
||
| 245 |
_aMise Au Point 1 : _bMéthode de Français / |
||
| 260 |
_aFrancia : _bMame á Tours, _c1986. |
||
| 300 |
_a79 paginas ; _bIlustraciones, Graficos, Dibujos, _c26 cm. |
||
| 500 | _aTexto educativo en frances | ||
| 650 |
_aTexto educativo _925832 |
||
| 650 |
_aFrancia _91444 |
||
| 650 |
_aLiteratura _983 |
||
| 942 |
_2ddc _cLIBROS |
||
| 945 |
_apjha _d2019-04-08 |
||